1192 1673 1404 1277 1681 1565 1227 1431 1993 1979 1757 1861 1599 1252 1120 1508 1779 1107 1365 1530 1064 1141 1141 1542 1662 1354 1030 1374 1952 1146 1504 1384 1836 1466 1878 1246 1090 1233 1960 1366 1296 1039 1937 1955 1039 1960 1756 1827 1836 1792 1289 1655 1425 1611 1663 1006 1698 1285 1460 1522 1341 1043 1826 1689 1164 1374 1518 1832 1917 1328 1420 1539 1380 1753 1063 1340 1756 1502 1254 1242 1671 1872 1646 1131 1145 1142 1793 1684 1506 1014 1711 1975 1738 1047 1667 1411 1907 1525 1986 BCNSPRNW ULIB Ver.6.0+V

เปลี่ยนเป็นภาษาไทย

Change to English
 แสดงรายละเอียดบรรณานุกรม
  กลับหน้าหลัก

Brief Record : Get Marc (ISO 2709) : E-mail record : QR code < ปิดหน้าต่าง
LEADER : 00000nam 2200000uu 4500
001    13399120934
003     ULIB
008    121026s2549||||th 000 0 tha d
020    ^a9741304501
050  4 ^aQA276^bก411ห
100 0  ^aกัลยา วานิชย์บัญชา
245 10 ^aหลักสถิติ /^cกัลยา วานิชย์บัญชา
250    ^aพิมพ์ครั้งที่ 8
260    ^aกรุงเทพฯ :^bโรงพิมพ์แห่งจุฒาลงกรณ์มหาวิทยาลัย,^c2549
300    ^a491 หน้า :^bภาพประกอบ
650  4 ^aสถิติ
650  4 ^aคณิตศาสตร์สถิติ
650  4 ^aสถิติศาสตร์
710 2  ^aจุฬาลงกรณ์มหาวิทยาลัย. ^bคณะพาณิชยศาสตร์และการบัญชี.^bภาควิชาสถิติ
945    ^p290^l0^i14377
945    ^p290^l0^i14378
995    ^aทศพร
999    ^aทศพร เกษรทอง
รายการนี้ยังไม่มีแท็ก
คุณยังไม่ได้ล็อกอิน คุณสามารถมีกิจกรรมร่วมกับเว็บไซต์ได้ แต่ต้องล็อกอินก่อน ::
  ล็อกอิน

รายการสื่อสารสนเทศ

ลำดับที่ ประเภท เลขเรียก/บาร์โค้ด สถานที่ สถานะ
1. วิทยาศาสตร์การแพทย์ และสุขภาพ
วิทยาศาสตร์การแพทย์ และสุขภาพ
QA276 ก411ห ฉ.1 
  Barcode: 14377
ห้องสมุดวิทยาเขตสวรรค์ประชารักษ์
►หนังสือทั่วไป
บนชั้น
2. วิทยาศาสตร์การแพทย์ และสุขภาพ
วิทยาศาสตร์การแพทย์ และสุขภาพ
QA276 ก411ห ฉ.2 
  Barcode: 14378
ห้องสมุดวิทยาเขตสวรรค์ประชารักษ์
►ส่วนจัดเก็บหนังสือเก่า สปร
บนชั้น
  ขอยืม

รายการใกล้เคียง
    ผู้แต่ง [กัลยา วานิชย์บัญชา]

    หัวเรื่อง [สถิติ]
    หัวเรื่อง [คณิตศาสตร์สถิติ]
    หัวเรื่อง [สถิติศาสตร์]

BibComment


ยังไม่เคยถูกคอมเมนท์

คอมเมนท์ทรัพยากรรายการนี้
  คอมเมนท์: หลักสถิติ กัลยา..


 Copyright 2026. Bcnsprnw @Library